00767nam a22002177a 4500999001700000003000900017008004100026040007100067082002400138100002500162245006100187260002400248300004500272505010500317650003300422650001800455650002100473650003100494942001600525945000800541 c20940d20940AR-CdUCM190408b ||||| |||| 00| 0 spa d aMUNICIPALIDAD PROVINCIAL DEL CUSCOcBIBLIOTECA MUNICIPAL DEL CUSCO aEP / 370.114 /bC23 aCalero Perez, Mavilo aEducándonos en valores :bLibro de lectura formativa / aLima :bSan Marcos, a144 páginas ;bIlustraciones, c32 cm. aContenido : Carta al niño lector -- Educando en valores -- Vive tu libertad -- Colaboro en casa... aReglas de convivencia943689 aValores95705 aReligión91195 aEducación primaria91561 2ddccLIBROS arcc